Ciencias naturales : cuarto grado

Gespeichert in:
Bibliographische Detailangaben
Körperschaften: México. Subsecretaría de Educación Básica y Normal. Dirección General de Materiales y Métodos Educativos., Comisión Nacional de Libros de Texto Gratuitos. (México)
Weitere Verfasser: Candela Martín, María Antonia. (MitwirkendeR)
Format: Buch
Sprache:Spanisch
Erschienen: México : Secretaría de Educación Pública, 1994.
Ausgabe:19. ed.
Katalog:MANES:  Suchergebnis im Bibliothekskatalog
Schulbuchspezifische Eigenschaften:
Schriftenreihe:Libro de texto gratuito
Tags: Tag hinzufügen
Keine Tags, Fügen Sie den ersten Tag hinzu!
Hinzugefügt zu:17.10.2005
Geändert in:08.05.2025

MARC

LEADER 00000cam a2200000 a 4500
003 OSt
005 20250508092036.0
008 051018n1994 mx 000 0 spa d
040 |a CINV  |c CINV 
020 |a 9682962528 
050 0 4 |a LTG LB1585  |b M49 4º 1994 
051 0 4 |a LTG LB1585-M49 4º 1994 
110 2 |a México.  |b Subsecretaría de Educación Básica y Normal.  |b Dirección General de Materiales y Métodos Educativos.  |9 35624 
245 0 0 |a Ciencias naturales :  |b cuarto grado /  |c colaboración María Antonia Candela Martín. 
250 |a 19. ed. 
260 |a México :  |b Secretaría de Educación Pública,  |c 1994. 
300 |a 207 p.:  |b il.;27 cm. 
440 |a Libro de texto gratuito  |9 21882 
546 |a México 
561 |5 mx-CINVES  |a México. DIE-Cinvestav (Ciudad de México)  |k MANES 
691 0 |a PRI 
700 1 |a Candela Martín, María Antonia.  |e colab.  |9 35609 
710 2 |a Comisión Nacional de Libros de Texto Gratuitos. (México)  |9 24074 
910 |a E-34245  |b DSon.- 1994  |a E-34246(ej.2)  |b Don.- 1994 
911 |a E-34245 
942 |2 ddc  |c BK 
999 |c 54880  |d 54880 
999 |c manes:54880  |d 54880